Memoria de los expositores valencianos en la Exposición Nacional de Minería, Artes metalúrgicas, Cerámica, Cristalería y Aguas minerales (Record no. 167526)

MARC details
000 -LEADER
campo de control de longitud fija 00876nam a22001695i 4500
001 - NÚMERO DE CONTROL
campo de control 167526
003 - IDENTIFICADOR DE NÚMERO DE CONTROL
campo de control ES-MaACL
005 - FECHA Y HORA DE LA ÚLTIMA TRANSACCIÓN
campo de control 20230906213538.0
008 - DATOS DE LONGITUD FIJA--INFORMACIÓN GENERAL
campo de control de longitud fija 000925s1883 sp |||| | spa d
040 ## - FUENTE DE CATALOGACIÓN
Centro catalogador/agencia de origen CCPB | B
Lengua de catalogación spa
Centro/agencia transcriptor CCPB | B
100 1# - ENTRADA PRINCIPAL--NOMBRE DE PERSONA
Nombre de persona Vilanova y Piera, José.
9 (RLIN) 133721
245 10 - MENCIÓN DEL TÍTULO
Título Memoria de los expositores valencianos en la Exposición Nacional de Minería, Artes metalúrgicas, Cerámica, Cristalería y Aguas minerales
Resto del título : celebrada en Madrid en el año 1883 /
Mención de responsabilidad, etc. por José Vilanova y Piera.
260 ## - PUBLICACIÓN, DISTRIBUCIÓN, ETC.
Lugar de publicación, distribución, etc. Valencia :
Nombre del editor, distribuidor, etc. [s.n.],
Fecha de publicación, distribución, etc. 1883 (
Fabricante imprenta de Nicasio Rius Monfort)
300 ## - DESCRIPCIÓN FÍSICA
Extensión 33 p., [3] h. pleg. ;
Dimensiones 21 cm.
711 2# - ENTRADA AGREGADA--NOMBRE DE REUNIÓN
Nombre de congreso/reunión o jurisdicción como elemento de entrada Exposición Nacional de Minería, Artes Metalúrgicas, Cerámica, Cristalería y Aguas Minerales (
Fecha del congreso o de la firma del tratado 1883.
Sede del congreso/Lugar de la reunión Madrid)
9 (RLIN) 707
852 ## - LOCALIZACIÓN
Ubicación ES-MaACL
Número de control de estantería T-909-F-1
Nota libre -- Enc. hol., conservando la cub. original
-- -- Enc. en un vol. facticio
Holdings
Estatus retirado Estado de pérdida Estado de daño No para préstamo Colección Biblioteca de origen Biblioteca actual Ubicación en estantería Fecha de adquisición Total de préstamos Signatura topográfica completa Código de barras Visto por última vez Precio de reemplazo Tipo de ítem Koha
        Colección de folletos Biblioteca del Ateneo de Madrid Biblioteca del Ateneo de Madrid Depósito folletos 17/01/2008   T-909-F-1 1175746 23/02/2023 23/02/2023 Folleto